LEADER 01568nas 2200517- 450 001 996215440903316 005 20220324224255.0 035 $a(OCoLC)70889077 035 $a(CKB)1000000000280885 035 $a(CONSER)--2021245336 035 $a(EXLCZ)991000000000280885 100 $a20060814a20029999 --- - 101 0 $aeng 135 $aurun||||||||| 181 $ctxt$2rdacontent 182 $cc$2rdamedia 183 $acr$2rdacarrier 200 00$aFood & drink technology $ethe journal for ingredients, processing and packaging 210 1$aGravesend :$cBell Pub. 215 $a1 online resource 311 $a1743-4874 517 3 $aFood and drink technology 517 1 $aF&D technology 517 1 $aF&DT 531 $aFOOD AND DRINK TECHNOLOGY 606 $aFood industry and trade$zGreat Britain$vPeriodicals 606 $aBeverages$zGreat Britain$vPeriodicals 606 $aBoissons$zGrande-Bretagne$vPériodiques 606 $aBeverages$2fast$3(OCoLC)fst00831042 606 $aFood industry and trade$2fast$3(OCoLC)fst00930843 607 $aGreat Britain$2fast 608 $aPeriodical 608 $aperiodicals.$2aat 608 $aPeriodicals.$2fast 608 $aPeriodicals.$2lcgft 608 $aPériodiques.$2rvmgf 615 0$aFood industry and trade 615 0$aBeverages 615 6$aBoissons 615 7$aBeverages. 615 7$aFood industry and trade. 676 $a664.005 906 $aJOURNAL 912 $a996215440903316 996 $aFood & Drink Technology$92018347 997 $aUNISA LEADER 01337nam 2200385 450 001 9910700338203321 005 20181203141716.0 035 $a(CKB)5470000002409606 035 $a(OCoLC)1077041392 035 $a(EXLCZ)995470000002409606 100 $a20181203d2011 ua 0 101 0 $aeng 135 $aurbn||||||||| 181 $ctxt$2rdacontent 182 $cc$2rdamedia 183 $acr$2rdacarrier 200 00$aConservation Reserve Enhancement Program $eNew York State 210 1$a[Washington, D.C.] :$cUnited States Department of Agriculture, Farm Service Agency,$d2011. 215 $a1 online resource (2 pages) 225 1 $aFact sheet (United States Department of Agriculture, Farm Service Agency) 300 $a"March 2011." 517 $aConservation Reserve Enhancement Program 606 $aWellhead protection$zNew York (State) 606 $aConservation of natural resources$zNew York (State) 606 $aEnvironmental protection$zNew York (State) 615 0$aWellhead protection 615 0$aConservation of natural resources 615 0$aEnvironmental protection 712 02$aUnited States.$bFarm Service Agency, 801 0$bGPO 801 1$bGPO 906 $aBOOK 912 $a9910700338203321 996 $aConservation Reserve Enhancement Program$93481002 997 $aUNINA